Normal view
MARC view
Entry Topical Term
001 - CONTROL NUMBER
- control field: 32316
003 - CONTROL NUMBER IDENTIFIER
- control field: ARRUPE
005 - DATE AND TIME OF LATEST TRANSACTION
- control field: 20170608133323.0
008 - FIXED-LENGTH DATA ELEMENTS
- fixed length control field: 170608|| aca||aabn | a|a d
040 ## - CATALOGING SOURCE
- Original cataloging agency: ARRUPE
- Transcribing agency: ARRUPE
150 ## - HEADING--TOPICAL TERM
- Topical term or geographic name as entry element: Magic
670 ## - SOURCE DATA FOUND
- Source citation: Work cat.: (ARRUPE)67604: Evans-Pritchard, Edward Evans 32313, Witchcraft, oracles and magic among the Azande, 1937